|
|
|
|
| LEADER |
00000naa2a2200000 4500 |
| 001 |
624171 |
| 005 |
20231101133311.0 |
| 035 |
|
|
|a (RuTPU)RU\TPU\conf\23384
|
| 035 |
|
|
|a RU\TPU\conf\23376
|
| 090 |
|
|
|a 624171
|
| 100 |
|
|
|a 20171102d2017 k y0rusy50 ca
|
| 101 |
0 |
|
|a rus
|e rus
|
| 102 |
|
|
|a RU
|
| 105 |
|
|
|a y z 101zy
|
| 135 |
|
|
|a drcn ---uucaa
|
| 181 |
|
0 |
|a i
|
| 182 |
|
0 |
|a b
|
| 200 |
1 |
|
|a Пеностекольный материал для поглощения электромагнитных волн
|f М. Р. Каймонов, К. В. Дорожкин
|
| 203 |
|
|
|a Текст
|c электронный
|
| 225 |
1 |
|
|a Аддитивные технологии получения новых материалов
|
| 230 |
|
|
|a 1 компьютерный файл (pdf; 267 Кб)
|
| 300 |
|
|
|a Заглавие с экрана
|
| 320 |
|
|
|a [Библиогр.: с. 317 (3 назв.)]
|
| 463 |
|
0 |
|0 (RuTPU)RU\TPU\conf\23187
|t Современные технологии и материалы новых поколений
|o сборник трудов Международной конференции с элементами научной школы для молодежи, г. Томск, 9-13 октября 2017 г.
|f Национальный исследовательский Томский политехнический университет (ТПУ) ; Российская академия наук (РАН), Сибирское отделение (СО), Институт физики прочности и материаловедения (ИФПМ)
|v [С. 316-317]
|d 2017
|
| 610 |
1 |
|
|a электронный ресурс
|
| 610 |
1 |
|
|a пеностекольные материалы
|
| 610 |
1 |
|
|a поглощение
|
| 610 |
1 |
|
|a электромагнитные волны
|
| 610 |
1 |
|
|a пеностекло
|
| 610 |
1 |
|
|a электромагнитные излучения
|
| 610 |
1 |
|
|a углеродные нанотрубки
|
| 610 |
1 |
|
|a многослойные нанотрубы
|
| 610 |
1 |
|
|a добавки
|
| 610 |
1 |
|
|a дефекты
|
| 700 |
|
1 |
|a Каймонов
|b М. Р.
|
| 701 |
|
1 |
|a Дорожкин
|b К. В.
|
| 712 |
0 |
2 |
|a Национальный исследовательский Томский политехнический университет (ТПУ)
|c (2009- )
|2 stltpush
|3 (RuTPU)RU\TPU\col\15902
|
| 712 |
0 |
2 |
|a Национальный исследовательский Томский государственный университет (ТГУ)
|c (2009- )
|2 stltpush
|3 (RuTPU)RU\TPU\col\17230
|
| 801 |
|
2 |
|a RU
|b 63413507
|c 20171103
|g RCR
|
| 856 |
4 |
|
|u http://earchive.tpu.ru/handle/11683/43748
|
| 942 |
|
|
|c BK
|